Marketing Research (Record no. 88363)

MARC details
000 -LEADER
fixed length control field 00551nam a2200205Ia 4500
008 - FIXED-LENGTH DATA ELEMENTS--GENERAL INFORMATION
fixed length control field 230125s9999 xx 000 0 und d
020 ## - INTERNATIONAL STANDARD BOOK NUMBER
International Standard Book Number 81-85386-16-1
041 ## - LANGUAGE CODE
Language code of text/sound track or separate title eng
082 ## - DEWEY DECIMAL CLASSIFICATION NUMBER
Classification number 658.838
Item number BOY/WES
100 ## - MAIN ENTRY--PERSONAL NAME
Personal name Boyd H W
9 (RLIN) 111451
245 ## - TITLE STATEMENT
Title Marketing Research
Remainder of title Text and Cases
250 ## - EDITION STATEMENT
Edition statement 7th ed
260 ## - PUBLICATION, DISTRIBUTION, ETC. (IMPRINT)
Date of publication, distribution, etc. 2001
Name of publisher, distributor, etc. AITBS Publication
Place of publication, distribution, etc. New Delhi
300 ## - PHYSICAL DESCRIPTION
Extent 816p
500 ## - GENERAL NOTE
Keywords Marketing research
500 ## - GENERAL NOTE
Keywords Marketing research
650 ## - SUBJECT ADDED ENTRY--TOPICAL TERM
Topical term or geographic name as entry element Marketing Management
700 ## - ADDED ENTRY--PERSONAL NAME
Personal name Boyd H W & Westfall R
9 (RLIN) 111452
Holdings
Withdrawn status Lost status Damaged status Not for loan Home library Current library Date acquired Vendor Cost, normal purchase price Total Checkouts Full call number Barcode Date last seen Cost, replacement price Bill Date Koha item type Original Barcode Bill number
        Smt. Hiraben Nanavati Institute of Management & Research for Women Smt. Hiraben Nanavati Institute of Management & Research for Women 18/03/2002 Manneys Book seller 275.00   658.838 BOY/WES B02957 HIMR-BK-2957 25/01/2023 275.00 18/03/2002 Books B02957  
        Smt. Hiraben Nanavati Institute of Management & Research for Women Smt. Hiraben Nanavati Institute of Management & Research for Women 10/06/1997 Varma Book Distributor 195.00   658.838 BOY/WES B00262 HIMR-BK-262 25/01/2023 166.00 10/06/1997 Books B00262 114
        Smt. Hiraben Nanavati Institute of Management & Research for Women Smt. Hiraben Nanavati Institute of Management & Research for Women 06/01/2006 Goels Computer Hut 310.00   658.838 BOY/WES B04842 HIMR-BK-4842 25/01/2023 264.00 04/01/2006 Books B04842 1051
        Smt. Hiraben Nanavati Institute of Management & Research for Women Smt. Hiraben Nanavati Institute of Management & Research for Women 06/01/2006 Goels Computer Hut 310.00   658.838 BOY/WES B04841 HIMR-BK-4841 25/01/2023 264.00 04/01/2006 Books B04841 1051
        Smt. Hiraben Nanavati Institute of Management & Research for Women Smt. Hiraben Nanavati Institute of Management & Research for Women 06/01/2006 Goels Computer Hut 310.00   658.838 BOY/WES B04845 HIMR-BK-4845 25/01/2023 264.00 04/01/2006 Books B04845 1051
        Smt. Hiraben Nanavati Institute of Management & Research for Women Smt. Hiraben Nanavati Institute of Management & Research for Women 06/01/2006 Goels Computer Hut 310.00   658.838 BOY/WES B04843 HIMR-BK-4843 25/01/2023 264.00 04/01/2006 Books B04843 1051
        Smt. Hiraben Nanavati Institute of Management & Research for Women Smt. Hiraben Nanavati Institute of Management & Research for Women 06/01/2006 Goels Computer Hut 310.00   658.838 BOY/WES B04844 HIMR-BK-4844 25/01/2023 264.00 04/01/2006 Books B04844 1051